[Event "Krakow op-B 21st"]
[Site "Krakow"]
[Date "2010.12.27"]
[Round "3.6"]
[White "Kasperek, Joanna"]
[Black "Czaja, Jacek"]
[Result "1/2-1/2"]
[WhiteElo "2024"]
[BlackElo "1879"]
[PlyCount "71"]
[EventDate "2010.12.27"]
[EventType "swiss"]
[EventRounds "9"]
[EventCountry "POL"]
[SourceTitle "EXT 2023"]
[Source "ChessBase"]
[SourceDate "2022.10.05"]
[SourceVersion "1"]
[SourceVersionDate "2022.10.05"]
[SourceQuality "1"]

1. e4 c5 2. Nf3 e6 3. d4 cxd4 4. Nxd4 a6 5. c4 Nf6 6. Nc3 Qc7 7. Bd3 Bc5 8. Nb3 Be7 9. 0-0 b6 10. Qe2 d6 11. Be3 Nbd7 12. Rac1 Bb7 13. Nd4 Nc5 14. f3 Nxd3 15. Qxd3 Rc8 16. b3 0-0 17. Rfd1 Nd7 18. Qd2 Ne5 19. Bg5 Bxg5 20. Qxg5 Qc5 21. Kh1 Nc6 22. Qxc5 dxc5 23. Nxc6 Bxc6 24. Kg1 Rfd8 25. Kf2 Kf8 26. Ke3 Ke7 27. g4 g5 28. Rxd8 Rxd8 29. Rd1 Rxd1 30. Nxd1 f5 31. exf5 exf5 32. gxf5 Kf6 33. Nf2 Kxf5 34. a3 a5 35. Ng4 h5 36. Nf2 1/2-1/2

[Event "POL-ch disabled"]
[Site "Chotowa"]
[Date "2007.05.29"]
[Round "5.8"]
[White "Czaja, Jacek"]
[Black "Cylwik, Zbigniew"]
[Result "0-1"]
[WhiteElo "1780"]
[BlackElo "2066"]
[PlyCount "96"]
[EventDate "2007.05.26"]
[EventType "swiss"]
[EventRounds "9"]
[EventCountry "POL"]
[SourceTitle "EXT 2023"]
[Source "ChessBase"]
[SourceDate "2022.10.05"]
[SourceVersion "1"]
[SourceVersionDate "2022.10.05"]
[SourceQuality "1"]

1. c4 e6 2. Nf3 d5 3. g3 c6 4. b3 Nf6 5. Bg2 Be7 6. Bb2 0-0 7. 0-0 b5 8. Qc2 Bb7 9. d3 Nbd7 10. Nbd2 Rc8 11. Rac1 a6 12. Qb1 Qb6 13. Qa1 Rfd8 14. Rc2 Ne8 15. e4 Bf6 16. e5 Be7 17. Rfc1 c5 18. d4 dxc4 19. bxc4 cxd4 20. Bxd4 Bc5 21. Bxc5 Nxc5 22. Ne1 Bxg2 23. Kxg2 b4 24. Nb3 a5 25. Rd1 a4 26. Nxc5 Qxc5 27. Nf3 b3 28. Rcd2 Rxd2 29. Nxd2 bxa2 30. Qxa2 Ra8 31. f4 a3 32. Nb1 Qe3 33. Rf1 g5 34. Rf3 Qe4 35. Nd2 Qd4 36. h3 h5 37. Rf2 gxf4 38. gxf4 Ng7 39. Nf1 h4 40. Nh2 Nf5 41. Ng4 Ne3+ 42. Kf3 Nxg4 43. Kxg4 Qxf2 44. Qxf2 a2 45. Qxh4 a1Q 46. Qg5+ Kf8 47. Kh5 Qd1+ 48. Kh6 Qd8 0-1